| 000 | 00396nam a22001457a 4500 | ||
|---|---|---|---|
| 008 | 211129b |||||||| |||| 00| 0 eng d | ||
| 020 | _a3639514810 | ||
| 050 |
_aHB615 _b.B85 2013 c.1 |
||
| 100 | _aBwisa, Henry | ||
| 245 |
_aTeaching Entrepreneurship in Africa _cHenry Bwisa |
||
| 260 |
_aGermany _bScholars' Press _c2013 |
||
| 300 | _aiii, 45p. | ||
| 650 | _aEntrepreneurship | ||
| 942 |
_2lcc _cBK |
||
| 999 |
_c19154 _d19153 |
||